Coupe du monde 2014 - Statistiques

Statistiques générales
  • Ce quiz a été pris 433 fois
  • Le résultat moyen est 10 sur 15
Statistiques - réponses
Question Réponse % Correct
Groupe du Brésil ( mettre la lettre ) A
98%
Groupe de la France ( mettre la lettre ) E
98%
Tenant du titre Espagne
95%
Score d’Allemagne - Brésil 7-1
94%
Ville dans lequel il se trouve Rio de Janeiro
94%
Stade de la finale Maracana
84%
Unique buteur en finale Mario Götze
82%
Meilleur joueur de la compétition Lionel Messi
73%
Capitaine des vainqueurs allemands Philip Lahm
61%
Deuxième meilleur joueur de la compétition Thomas Muller
48%
Dernier buteur des demi-finales Oscar
42%
Pire équipe du mondial ( points en phase de poule ) Honduras
41%
Son passeur décisif Andre Schurrle
39%
Dernier buteur des quarts de finale Gonzalo Higuain
21%
Dernier buteur avant la finale Gini Wijnaldum
13%
Aucun quiz correspondant
Distribution des résultats
% des personnes avec chaque résultat
Percentile par nombre de réponses
Votre historique - résultats
Vous n’avez pas pris ce quiz